00797nam a2200217 i 4500001000700000003000900007005001700016008004100033020001800074080002000092110002700112245011300139250002100252260004000273300004800313504002700361610002700388852002200415999001900437952012300456188074ES-MaACL20230906223114.0180424s1990 xxkae |||| | eng d a0-7123-0230-1 a027(410.111 L.)2 aBritish Library.9224414aThe British Library b: humanities & social sciences collections : [guide] / c[written by Janice Anderson]. aRepr. with corr. aLondon : bBritish Library, c1990. a80 p. : bil. col. y n., 1 plano ; c24 cm. aBibliografía: p. 78.24aBritish Library.92244 aES-MaACLjL-31965 c188074d188074 00104070aATENEOMbATENEOMcDEPO2d2018-04-24eDONl0oL-31965p1198765r2023-02-23 00:00:00w2023-02-23yMONOGRAFIA